LEADER 00957nam0-2200289---450- 001 990009421180403321 005 20110912133239.0 035 $a000942118 035 $aFED01000942118 035 $a(Aleph)000942118FED01 035 $a000942118 100 $a20110912d1839----km-y0itay50------ba 101 0 $aita 102 $aIT 105 $af-------001yy 200 1 $aFauna del Regno di Napoli$eossia enumerazione di tutti gli animali che abitano le diverse regioni di questo Regno e le acque che le bagnano$e[Animali vertebrati]$fOronzio Gabriele Costa 210 $aNapoli$cdalla stamperia di Azzolino e compagno$d1839 215 $a1 v., 4 tav.$d27 cm 300 $aPaginazione varia 700 1$aCosta,$bOronzio Gabriele$f<1787-1868>$078345 801 0$aIT$bUNINA$gRICA$2UNIMARC 901 $aBK 912 $a990009421180403321 952 $aGM1 DeLo 0040$b99$fGM1 959 $aGM1 996 $aFauna del Regno di Napoli$9406507 997 $aUNINA LEADER 01256nam--2200361---450- 001 990001226370203316 005 20100903105218.0 010 $a88-13-21928-8 035 $a000122637 035 $aUSA01000122637 035 $a(ALEPH)000122637USA01 035 $a000122637 100 $a20031029d1999----km-y0itaa50------ba 101 0 $aita 102 $aIT 105 $ay|||z|||001yy 200 1 $a<> introduzione della contabilità economica e il nuovo sistema di bilancio nell'azienda sanitaria$fNiccolò Persiani 210 $aMilano$cCedam$d1999 215 $aXIII, 227 p.$d24 cm 606 0 $aUnità sanitarie locali$xBilancio 606 0 $aUnità sanitarie locali$xGestione finanziaria 676 $a353.938410681 700 1$aPERSIANI,$bNiccolò$0460837 801 0$aIT$bSalbc$cISBD 912 $a990001226370203316 951 $aXXX.B. Coll. 173/ 39 (X 7 XXXV 3)$b11499 E.C.$cXXX.B. Coll. 173/ 39 (X 7)$d00087579 959 $aBK 969 $aGIU 979 $aALESSANDRA$b90$c20031029$lUSA01$h1311 979 $aPATRY$b90$c20040406$lUSA01$h1728 979 $aRSIAV2$b90$c20100903$lUSA01$h1052 996 $aIntroduzione della contabilità economica e il nuovo sistema di bilancio nell'azienda sanitaria$9984632 997 $aUNISA